| 000 | 00962nam a2200277Ia 4500 | ||
|---|---|---|---|
| 003 | OSt | ||
| 005 | 20221005111153.0 | ||
| 006 | a|||||r|||| 00| 0 | ||
| 007 | ta | ||
| 008 | 221004b |||||||| |||| 00| 0 hin d | ||
| 020 |
_a8170553350 (hbk) _c125 |
||
| 024 | _a17822 | ||
| 037 |
_b527, 21/03/2015, Vani Prakashan _cTextual |
||
| 040 |
_aCRL _cCRL _bhin |
||
| 041 |
_2hin _ahin |
||
| 082 | _aV247.P, 152Q1 | ||
| 100 | _aराजकिशोर, संपा. | ||
| 245 | 0 | _aकश्मीर का भविष्य | |
| 246 | _aKashmīr kā bhaviṣhya | ||
| 260 |
_aनई दिल्ली _bवाणी प्रकाशन भारत _c2011 |
||
| 300 |
_a163पृ0 _ccm. |
||
| 490 | _aआज के प्रश्न; 5 | ||
| 650 | _aविश्व-इतिहास | ||
| 942 |
_hV247.P, 152Q1 _cTEXL _2cc |
||
| 999 |
_c1021029 _d1021029 |
||